| 000 | 00978nam0a22003131 4500 | ||
|---|---|---|---|
| 001 | RU\INFOCOMM_322\NLR\5000183206 | ||
| 005 | 20250613110741.0 | ||
| 035 | _a(NLR Aleph) 009572829 | ||
| 090 |
_a9140603 _c9140603 |
||
| 100 | _a20130218d1968 |||y0rusy50 ca | ||
| 101 | 0 | _aeng | |
| 102 | _aRU | ||
| 105 | _ay z ||||| | ||
| 200 | 1 |
_aRarefied plasma stream interaction with charged bodies of various forms _f[By] M. V. Maslennikov and Yu. S. Sigov |
|
| 210 |
_a[M.] _d1968 |
||
| 215 |
_a6, [5] с. _cил. _d27 см |
||
| 309 | _aОтпеч. множит. аппаратом | ||
| 320 | _aБиблиогр.: с. 5 | ||
| 620 | _aМосква | ||
| 686 |
_aА6-85 _2rubbk |
||
| 686 |
_a[В654,0] _2rubbk |
||
| 700 | 1 |
_aMaslennikov _bM. V. _gMichail Valer'janovič |
|
| 701 | 1 |
_9z01790 _aSigov _bJu. S. |
|
| 790 | 1 |
_9z01701 _aSigov _bYu. S. _4070 |
|
| 801 | 1 |
_aRU _bInfocomm _c20130218 |
|
| 801 | 0 |
_aRU _bINFOCOMM _gPSBO |
|
| 852 |
_aNLR _jА01 Д-8/1 |
||
| 942 | _cBOOK | ||
| 980 | _aNB | ||